| 000 | 00719 a2200157 4500 | ||
|---|---|---|---|
| 003 | Nust | ||
| 005 | 20170207154215.0 | ||
| 040 | _cNust | ||
| 082 | _a378.4 | ||
| 245 |
_aThe Uni of Sheffield _bUni of Sheffield |
||
| 260 |
_aSheffield _bUni of Sheffield _c2001 |
||
| 300 | _a26 p. | ||
| 505 | _aIntroduction (page-4) Faculty of Arts (Page-33) Faculty of Social Sciences (Page-71) Faculty of Law (Page-103) Faculty of Architectural Studies (page-109) Faculty of Pure Science (Page-121) Faculty of Engineering (page-181) Faculty of Medicine (page-215) Other Undergraduate Courses (page-240) Visiting Sheffield (Page-242) Sheffield Information A-Z (Page-244) | ||
| 538 | _aAlmirah No. 117 Shelf No. 2 | ||
| 650 | _aUG Prospectus | ||
| 942 |
_2ddc _cBK |
||
| 999 |
_c195044 _d195044 |
||